Ecology and Behaviour of Hoolock Gibbons of Bangladesh / (Record no. 25451)
[ view plain ]
| 000 -LEADER | |
|---|---|
| fixed length control field | 00592nam a22002057a 4500 |
| 003 - CONTROL NUMBER IDENTIFIER | |
| control field | BDDh-ASL |
| 005 - DATE AND TIME OF LATEST TRANSACTION | |
| control field | 20231015030504.0 |
| 008 - FIXED-LENGTH DATA ELEMENTS--GENERAL INFORMATION | |
| fixed length control field | 210716s1992 bg ||||| |||| 00| 0 eng d |
| 040 ## - CATALOGING SOURCE | |
| Transcribing agency | BDDh-ASL |
| 082 ## - DEWEY DECIMAL CLASSIFICATION NUMBER | |
| Classification number | 300 |
| Item number | FEE |
| 100 1# - MAIN ENTRY--PERSONAL NAME | |
| 9 (RLIN) | 4200 |
| Personal name | Feeroz, Mohammad Mostafa |
| 245 10 - TITLE STATEMENT | |
| Title | Ecology and Behaviour of Hoolock Gibbons of Bangladesh / |
| 260 ## - PUBLICATION, DISTRIBUTION, ETC. | |
| Place of publication, distribution, etc. | Dhaka: |
| Name of publisher, distributor, etc. | MARC, |
| Date of publication, distribution, etc. | 1992. |
| 300 ## - PHYSICAL DESCRIPTION | |
| Extent | 76 p. : |
| Dimensions | 25 cm. |
| 504 ## - BIBLIOGRAPHY, ETC. NOTE | |
| Bibliography, etc. note | Include Bibliographical References |
| 650 #0 - SUBJECT ADDED ENTRY--TOPICAL TERM | |
| 9 (RLIN) | 4202 |
| Topical term or geographic name entry element | Behaviour |
| 650 #0 - SUBJECT ADDED ENTRY--TOPICAL TERM | |
| 9 (RLIN) | 4153 |
| Topical term or geographic name entry element | Human Ecology |
| 700 1# - ADDED ENTRY--PERSONAL NAME | |
| 9 (RLIN) | 4201 |
| Personal name | Islam, Mohammad Anwarul |
| 942 ## - ADDED ENTRY ELEMENTS (KOHA) | |
| Source of classification or shelving scheme | Dewey Decimal Classification |
| Koha item type | Books |
| Withdrawn status | Lost status | Source of classification or shelving scheme | Damaged status | Not for loan | Collection code | Home library | Current library | Shelving location | Date acquired | Source of acquisition | Total Checkouts | Full call number | Barcode | Date last seen | Copy number | Price effective from | Koha item type |
|---|---|---|---|---|---|---|---|---|---|---|---|---|---|---|---|---|---|
| Dewey Decimal Classification | Non-fiction | Asiatic Society Library | Asiatic Society Library | General Stacks | 07/16/2021 | Donated by Encyclopedia of Flora and Fauna Project | 300 FEE | 110238 | 07/16/2021 | C-1 | 07/16/2021 | Books |